| 000 | 00436nam a2200145Ia 4500 | ||
|---|---|---|---|
| 008 | 151213s9999 xx 000 0 und d | ||
| 100 | _aDavid Eider & David Korston | ||
| 245 |
_aReview Notes and Study Guide to Homes Iliad _cDavid Eider & David Korston |
||
| 260 |
_aNew York _bMonarch Press _c1964 |
||
| 300 | _a3560 p. | ||
| 650 | _aEnglish Literature | ||
| 650 | _aLiterature | ||
| 700 | _aDavid Eider & David Korston | ||
| 999 |
_c2363 _d2363 |
||